[Event "Tom Weston Major op"]
[Site "Wales"]
[Date "2007.04.09"]
[Round "7"]
[White "Davies, Lee"]
[Black "Garcia, Jason"]
[Result "0-1"]
[WhiteElo "2038"]
[BlackElo "1948"]
[PlyCount "104"]
[EventDate "2007.04.06"]
[EventType "swiss"]
[EventRounds "7"]
[EventCountry "WLS"]
[SourceTitle "EXT 2010"]
[Source "ChessBase"]
[SourceDate "2010.11.25"]
[SourceVersion "1"]
[SourceVersionDate "2010.11.25"]
[SourceQuality "1"]

1. d4 d6 2. g3 f5 3. Bg2 Nf6 4. c4 c6 5. Nc3 g6 6. Nf3 Bg7 7. 0-0 0-0 8. Qc2 Qe8 9. b3 h6 10. Bb2 Nbd7 11. d5 e5 12. dxe6 Qxe6 13. Rad1 Rd8 14. Ba3 Ne8 15. Ne1 Ndf6 16. Nd3 Qf7 17. c5 Ng4 18. cxd6 Qf6 19. Bb2 Nxd6 20. Nb5 Qe7 21. Nxd6 Bxb2 22. Nxb2 Rxd6 23. Rxd6 Qxd6 24. Rd1 Qe7 25. Qd2 Be6 26. h3 Nf6 27. Qxh6 Bf7 28. Qd2 Re8 29. e3 Ne4 30. Qd7 Qa3 31. Nc4 Qxa2 32. Bxe4 Qxb3 33. Qd3 Qxc4 34. Bxf5 gxf5 35. Qxf5 Qe6 36. Qg5+ Qg6 37. Qc5 Qh5 38. Qxh5 Bxh5 39. g4 Bf7 40. Rd7 Rb8 41. f4 a5 42. f5 a4 43. g5 a3 44. e4 a2 45. Rd1 Ra8 46. Ra1 Re8 47. g6 Bb3 48. f6 Rxe4 49. f7+ Kf8 50. Rf1 Rf4 51. Re1 Kg7 52. Kh2 Kxg6 0-1

[Event "Tom Weston Major op"]
[Site "Wales"]
[Date "2007.04.08"]
[Round "5"]
[White "Davies, Lee"]
[Black "Bollada, Peter"]
[Result "1-0"]
[WhiteElo "2038"]
[BlackElo "1769"]
[PlyCount "65"]
[EventDate "2007.04.06"]
[EventType "swiss"]
[EventRounds "7"]
[EventCountry "WLS"]
[SourceTitle "EXT 2010"]
[Source "ChessBase"]
[SourceDate "2010.11.25"]
[SourceVersion "1"]
[SourceVersionDate "2010.11.25"]
[SourceQuality "1"]

1. d4 f5 2. e4 fxe4 3. Nc3 Nf6 4. f3 e3 5. Bxe3 g6 6. Bd3 Bg7 7. Nge2 0-0 8. Qd2 e6 9. h4 Nc6 10. a3 Ne7 11. Bg5 b6 12. Ne4 Bb7 13. h5 Nxh5 14. g4 d5 15. gxh5 dxe4 16. fxe4 Qd7 17. hxg6 Nxg6 18. Bh6 Qf7 19. 0-0-0 Rad8 20. Bxg7 Qxg7 21. Qe3 Kh8 22. Rdg1 Rf6 23. Qg5 Rdf8 24. d5 e5 25. Ng3 Qf7 26. Rf1 Qe7 27. Nf5 Rxf5 28. Rxf5 Rxf5 29. Qxf5 Nf4 30. Rh6 Nxd3+ 31. cxd3 Qc5+ 32. Kd2 Qe7 33. Re6 1-0

[Event "Tom Weston Major op"]
[Site "Wales"]
[Date "2007.04.08"]
[Round "4"]
[White "Fathallah, Joe"]
[Black "Davies, Lee"]
[Result "1/2-1/2"]
[WhiteElo "1922"]
[BlackElo "2038"]
[PlyCount "49"]
[EventDate "2007.04.06"]
[EventType "swiss"]
[EventRounds "7"]
[EventCountry "WLS"]
[SourceTitle "EXT 2010"]
[Source "ChessBase"]
[SourceDate "2010.11.25"]
[SourceVersion "1"]
[SourceVersionDate "2010.11.25"]
[SourceQuality "1"]

1. d4 Nf6 2. c4 g6 3. Nc3 Bg7 4. e4 d6 5. f3 0-0 6. Be3 Nc6 7. Qd2 e5 8. d5 Nd4 9. Nge2 Nxe2 10. Bxe2 Nh5 11. g4 Nf4 12. 0-0-0 Qh4 13. Rdg1 a6 14. Bf1 Bh6 15. Ne2 b5 16. Nxf4 Bxf4 17. Bxf4 exf4 18. Bd3 bxc4 19. Bxc4 Qf6 20. h4 Qe5 21. g5 Bd7 22. h5 Kg7 23. hxg6 hxg6 24. Qc3 Qxc3+ 25. bxc3 1/2-1/2

[Event "Tom Weston Major op"]
[Site "Wales"]
[Date "2007.04.07"]
[Round "3"]
[White "Davies, Lee"]
[Black "Wagner, Guy"]
[Result "1-0"]
[WhiteElo "2038"]
[BlackElo "1730"]
[PlyCount "109"]
[EventDate "2007.04.06"]
[EventType "swiss"]
[EventRounds "7"]
[EventCountry "WLS"]
[SourceTitle "EXT 2010"]
[Source "ChessBase"]
[SourceDate "2010.11.25"]
[SourceVersion "1"]
[SourceVersionDate "2010.11.25"]
[SourceQuality "1"]

1. d4 e6 2. g3 Bb4+ 3. c3 Be7 4. Bg2 Nf6 5. Nf3 d5 6. 0-0 0-0 7. c4 c6 8. Nc3 Nbd7 9. b3 b6 10. Qc2 a5 11. e4 dxe4 12. Nxe4 Nxe4 13. Qxe4 Bb7 14. Qc2 Nf6 15. Bb2 Rc8 16. Rad1 b5 17. Ng5 h6 18. Ne4 Qc7 19. Rfe1 Rfd8 20. Rc1 Qb6 21. Qe2 Nxe4 22. Bxe4 Bf6 23. c5 Qa7 24. Red1 b4 25. Qf3 Ba8 26. h4 Qe7 27. Bd3 g6 28. h5 Kg7 29. hxg6 fxg6 30. Qe4 Qf7 31. Bc4 Bb7 32. Re1 Rc7 33. Rcd1 Re7 34. Bc1 Kh7 35. Bf4 Qg7 36. Bd6 Ree8 37. f4 Ra8 38. Bxe6 a4 39. f5 g5 40. Be5 axb3 41. Bxb3 Rad8 42. Be6 Kh8 43. g4 Ra8 44. Rb1 Bc8 45. Qxc6 Bxe6 46. fxe6 Bxe5 47. Rxe5 Qg6 48. Qe4 Qg7 49. Rb2 b3 50. axb3 Ra1+ 51. Kg2 Qa7 52. Rf5 Qa3 53. Rff2 Rxe6 54. Qxe6 Qa8+ 55. c6 1-0

[Event "WLS-chT 0607"]
[Site "Wales"]
[Date "2007.02.28"]
[Round "5"]
[White "Young, Alan J"]
[Black "Davies, Lee"]
[Result "1-0"]
[WhiteElo "2062"]
[BlackElo "2038"]
[PlyCount "57"]
[EventDate "2006.09.26"]
[EventType "tourn"]
[EventRounds "7"]
[EventCountry "WLS"]
[SourceTitle "EXT 2010"]
[Source "ChessBase"]
[SourceDate "2010.11.25"]
[SourceVersion "1"]
[SourceVersionDate "2010.11.25"]
[SourceQuality "1"]

1. e4 d6 2. d4 Nf6 3. Nc3 g6 4. Bg5 Bg7 5. f4 c6 6. Qd2 b5 7. Bd3 b4 8. Nce2 a5 9. Nf3 Ba6 10. 0-0 0-0 11. f5 Qb6 12. Kh1 e5 13. fxe6 fxe6 14. Nf4 Re8 15. e5 dxe5 16. dxe5 Ng4 17. Rae1 Nd7 18. Bxa6 Ndxe5 19. Nxe5 Nxe5 20. Bd3 h6 21. Nxg6 Nxd3 22. Bxh6 Bxh6 23. Qxh6 Nf2+ 24. Rxf2 Qxf2 25. Qh8+ Kf7 26. Ne5+ Ke7 27. Qg7+ Kd6 28. Rd1+ Kc5 29. Nd3+ 1-0